000 00601nam a22002297a 4500
003 UA-OsUOA
001 90706
007 ta
008 20121119b un ||||| |||| 00| 0 ukr d
100 _aНечай М.
090 _a821.161.2
_bН59
942 _cBK
040 _aUA-OsUOA
_brus
_cUA-OsUOA
_dUA-OsUOA
245 _aЛюбовь, печаль...
_bроман
300 _a248 с.
955 _a3
041 _arus
080 _a821.161.2
260 _aУжгород
_bКарпати
_c1986
650 7 _a82 Література. Літературознавство
_2UDC
999 _c376983
_d376983